Flags of Countries Bordering An Unknown Country #3 - Statistics

General Stats
  • This quiz has been taken 2,744 times
  • The average score is 8 of 8
Answer Stats
Picture Hint Answer % Correct
Ukraine
100%
Austria
98%
Croatia
98%
Romania
98%
Slovakia
98%
Serbia
97%
Slovenia
97%
The Unknown Country Hungary
88%
No matching quizzes found
Score Distribution
Percent of People with Each Score
Percentile by Number Answered
Your Score History
You have not taken this quiz